Platové triedy
| Format: | Article |
|---|---|
| Language: | Slovak |
| ISSN: | 1335-1796 |
| Subjects: |
MARC
| LEADER | 00000nab a2200000 a 4500 | ||
|---|---|---|---|
| 001 | vtls000666799 | ||
| 003 | SK-MaSNL | ||
| 005 | 20260302183749.0 | ||
| 008 | 180205c1998 xo 0 slo | ||
| 015 | |a SNBRB1998/07-17944 | ||
| 035 | |a CLN000018983 | ||
| 040 | |a SNKBUCL |b slo |c SNKBUCL |e AACR2 | ||
| 041 | 0 | |a slo | |
| 044 | |a xo |c SK | ||
| 080 | |a 349.2 |2 UDC-MRF-SK2 | ||
| 245 | 0 | 0 | |a Platové triedy |
| 650 | 0 | 7 | |a triedy platové |2 snkbucl |9 897906 |
| 655 | 7 | |a články z novín a časopisov |2 snkbucl |9 267496 | |
| 773 | 0 | |x 1335-1796 |t Škola |g Roč. 3, č. 6 (1998), s. 12-19 | |
| 850 | |a Slovenská národná knižnica v Martine | ||
| 852 | |a SNK |b KIS3GCP | ||
| 958 | |a RBX | ||
| 999 | |c 1422863 |d 1424793 | ||


